000 00730nam a2200205 a 4500
001 BRL_1282
005 20190320211128.0
008 191213s1994----mx-ab#####---#000-0#spa-#
041 _aspa
044 _amx
050 4 _aF1219.1
_b.A58 1994
245 1 0 _aAnuario 1993
_bInstituto Chiapaneco de Cultura.
260 _aTuxtla Gutiérrez, Chiapas
_bGobierno del Estado de Chiapas : Instituto Chiapaneco de Cultura
_c1994
300 _a421 p.
_bil., mapas
_c22 cm.
504 _aIncluye referencias bibliográficas
610 2 4 _aInstituto Chiapaneco de Cultura (México)
_926377
650 1 4 _aIndígenas de México
_xVida social y costumbres
_zChiapas
_926378
651 4 _aChiapas
_xVida social y costumbres
_926379
942 _2lcc
_cB
999 _c10094
_d10094